| 000 | 00586nam a2200181Ia 4500 | ||
|---|---|---|---|
| 003 | IN-BaIIA | ||
| 008 | 211028s9999 xx 000 0 eng d | ||
| 040 | _cIIA Library | ||
| 080 |
_a535.33 _bNAT |
||
| 110 |
_aUnited States. National Academy of Sciences _95880 |
||
| 245 | 0 |
_aResearch in optical spectroscopy _bpresent status and prospects _cNational Academy of Sciences |
|
| 260 |
_aWashington _bNational Academy of Sciences _c1968 |
||
| 300 | _a35p. | ||
| 650 | _aAstronomy and Astrophysics Thesaurus | ||
| 650 | _aOptical Spectroscopy | ||
| 650 |
_aSpectroscopy _91535 |
||
| 942 | _cBK | ||
| 999 |
_c3303 _d3303 |
||